[Event "Sinnai Cup 15th"]
[Site "Sinnai"]
[Date "2012.11.18"]
[Round "2"]
[White "Mereu, Matteo"]
[Black "Murgia, Elio"]
[Result "1-0"]
[WhiteElo "1926"]
[BlackElo "1724"]
[PlyCount "37"]
[EventDate "2012.11.17"]
[EventType "swiss"]
[EventRounds "6"]
[EventCountry "ITA"]
[SourceTitle "EXT 2024"]
[Source "ChessBase"]
[SourceDate "2023.10.10"]
[SourceVersion "1"]
[SourceVersionDate "2023.10.10"]
[SourceQuality "1"]

1. d4 Nf6 2. Nc3 e6 3. Bg5 c6 4. e4 Be7 5. Nf3 d6 6. Bd3 b6 7. Qe2 Qc7 8. e5 Ng8 9. Bxe7 Nxe7 10. Ne4 dxe5 11. dxe5 Ng6 12. Nd6+ Ke7 13. 0-0-0 Nd7 14. Bxg6 hxg6 15. Ng5 Rf8 16. Rhe1 Nc5 17. Qf3 f5 18. Nh7 Nd7 19. Qg3 1-0

[Event "Cagliari Alfa Lum op-A 2nd"]
[Site "Cagliari"]
[Date "2010.09.05"]
[Round "6"]
[White "Murgia, Elio"]
[Black "Melis, Daniele"]
[Result "1/2-1/2"]
[WhiteElo "1712"]
[BlackElo "1455"]
[PlyCount "65"]
[EventDate "2010.09.03"]
[EventType "swiss"]
[EventRounds "6"]
[EventCountry "ITA"]
[SourceTitle "EXT 2024"]
[Source "ChessBase"]
[SourceDate "2023.10.10"]
[SourceVersion "1"]
[SourceVersionDate "2023.10.10"]
[SourceQuality "1"]

1. d4 d5 2. c4 e5 3. e3 Bb4+ 4. Bd2 Nc6 5. Bxb4 Nxb4 6. a3 Nc6 7. cxd5 Qxd5 8. Nc3 Qd8 9. Bb5 exd4 10. exd4 Qe7+ 11. Qe2 Qxe2+ 12. Ngxe2 Bd7 13. 0-0-0 0-0-0 14. Rhe1 Nf6 15. f3 Rhe8 16. d5 Ne5 17. Bxd7+ Nexd7 18. Nf4 Rxe1 19. Rxe1 Re8 20. Rxe8+ Nxe8 21. Nd3 b6 22. b3 Nc5 23. Kc2 Kd7 24. b4 Nxd3 25. Kxd3 c6 26. dxc6+ Kxc6 27. a4 a6 28. Kd4 Nd6 29. g4 b5 30. axb5+ Nxb5+ 31. Nxb5 axb5 32. h4 Kd6 33. f4 1/2-1/2

[Event "Cagliari Alfa Lum op-A 2nd"]
[Site "Cagliari"]
[Date "2010.09.03"]
[Round "2"]
[White "Murgia, Elio"]
[Black "Murtas, Gianvito"]
[Result "1-0"]
[WhiteElo "1712"]
[BlackElo "1781"]
[PlyCount "41"]
[EventDate "2010.09.03"]
[EventType "swiss"]
[EventRounds "6"]
[EventCountry "ITA"]
[SourceTitle "EXT 2024"]
[Source "ChessBase"]
[SourceDate "2023.10.10"]
[SourceVersion "1"]
[SourceVersionDate "2023.10.10"]
[SourceQuality "1"]

1. d4 Nf6 2. c4 e6 3. Nc3 b6 4. e4 Bb4 5. Bd3 Bb7 6. Qc2 Nc6 7. Nf3 Be7 8. a3 d6 9. 0-0 g5 10. Bxg5 Rg8 11. Ne2 Kd7 12. Qa4 Ng4 13. Bxe7 Kxe7 14. h3 Nh6 15. Rae1 Kf8 16. d5 Qf6 17. dxc6 Qxf3 18. Ng3 Rxg3 19. fxg3 Qxd3 20. cxb7 Qd4+ 21. Kh2 1-0

[Event "Sardegna Region-ch"]
[Site "Sardara"]
[Date "2010.04.24"]
[Round "5"]
[White "Murgia, Elio"]
[Black "Setzu, Francesco"]
[Result "1-0"]
[WhiteElo "1503"]
[BlackElo "1760"]
[PlyCount "99"]
[EventDate "2010.04.17"]
[EventType "swiss"]
[EventRounds "8"]
[EventCountry "ITA"]
[SourceTitle "EXT 2024"]
[Source "ChessBase"]
[SourceDate "2023.10.10"]
[SourceVersion "1"]
[SourceVersionDate "2023.10.10"]
[SourceQuality "1"]

1. d4 d6 2. c4 Nf6 3. Nc3 c6 4. Bg5 Qa5 5. Bxf6 gxf6 6. e3 Bf5 7. Bd3 Bg6 8. Nge2 e5 9. d5 Nd7 10. 0-0 f5 11. Qb1 e4 12. Bc2 Bg7 13. f4 Qc5 14. Qc1 Qxc4 15. Bb3 Qa6 16. Qd2 c5 17. Ba4 Qb6 18. Rab1 a6 19. a3 Qc7 20. Bxd7+ Qxd7 21. b4 b6 22. Rfc1 0-0 23. Qd1 Rfc8 24. Na4 Rcb8 25. bxc5 bxc5 26. Nb6 Qa7 27. Nxa8 Qxa8 28. Rxb8+ Qxb8 29. Rb1 Qc7 30. Qa4 Bh5 31. Ng3 Bg6 32. Qxa6 h6 33. h4 c4 34. h5 Bh7 35. Rb7 Qc5 36. Rb8+ Bf8 37. Qa8 Qxe3+ 38. Kh2 Qxf4 39. Rxf8+ Kg7 40. Qe8 Qh4+ 41. Kg1 Qf6 42. Rh8 Qd4+ 43. Kh2 Qxd5 44. Qf8+ Kf6 45. Rxh7 Ke5 46. Rxf7 Kd4 47. Rxf5 Qc6 48. Qxh6 c3 49. Qc1 c2 50. Qd2+ 1-0

[Event "Sardegna Region-ch"]
[Site "Sardara"]
[Date "2010.04.17"]
[Round "2"]
[White "Toniolo, Massimo"]
[Black "Murgia, Elio"]
[Result "0-1"]
[WhiteElo "1757"]
[BlackElo "1503"]
[PlyCount "78"]
[EventDate "2010.04.17"]
[EventType "swiss"]
[EventRounds "8"]
[EventCountry "ITA"]
[SourceTitle "EXT 2024"]
[Source "ChessBase"]
[SourceDate "2023.10.10"]
[SourceVersion "1"]
[SourceVersionDate "2023.10.10"]
[SourceQuality "1"]

1. e4 e6 2. d4 d5 3. exd5 exd5 4. Nf3 Bf5 5. Be2 Nd7 6. Nc3 c6 7. 0-0 Qc7 8. Re1 0-0-0 9. Bg5 Be7 10. Bd3 Be6 11. Qd2 Ngf6 12. a4 Rde8 13. a5 Bd6 14. h3 h6 15. Be3 g5 16. Ne5 g4 17. h4 g3 18. f4 Bg4 19. Be2 Bxe2 20. Qxe2 Nf8 21. Qf3 Rg8 22. Bd2 Ng6 23. Qxg3 Nxe5 24. Qxg8 Nxg8 25. dxe5 Bc5+ 26. Kh2 Qe7 27. g3 h5 28. Na4 Nh6 29. b4 Ng4+ 30. Kg2 Bxb4 31. Bxb4 Qxb4 32. c3 Qxa5 33. Reb1 Qc7 34. Nc5 b6 35. Na6 Qd7 36. Nb4 c5 37. Nc2 Re7 38. Ra2 Qb7 39. Rba1 d4+ 0-1